000 00322nam a2200121Ia 4500
008 220217s9999||||xx |||||||||||||| ||und||
082 _a621.3815 GOD
100 _aGodse, A.P Godse, D.A
_91199
245 0 _aDigital electronics
260 _aTechnical publications
_bPune
_c2001
300 _b230
650 _aCIRCUITRY
999 _c168473
_d168473